College Quizbowl Stats
College Quizbowl Stats
Circuits
Seasons
Sets
Records
Detailed Stats
About
Loading...
Southern California
Tossups
Bonuses
Players
Teams
Categories (Tossup)
Categories (Bonus)
Jaiden Li
Indiana A
Categories
Category
Powers
Gets
Negs
BBs
Points
Earliest Buzz
Avg. Buzz
First Buzzes
Top 3 Buzzes
BPA
PVF
Science - Physics
0
3
0
1
30
101
110.33
0
0
0.00
0.00
Science - Chemistry
0
1
0
0
10
111
111.00
0
1
0.00
0.00
Social Science
0
1
0
1
10
113
113.00
0
0
0.00
0.00
Other Academic
0
0
1
0
-5
0.00
0
0
0.00
0.00
Buzzes
Category
Answer
Value
Buzz Position
Other Academic
hitchhiking
-5
73
Science - Physics
phase transitions
10
101
Science - Chemistry
adsorption
0
108
Science - Chemistry
amines
10
111
Science - Physics
resonance
10
113
Social Science
the self
10
113
Science - Physics
stress
10
117
Previous
1
Next